LEADER 01328nam a2200289 i 4500 001 000000076708 003 CaOOAMICUS 005 20010406000000.0 008 010406s1996 fr u000 u fre u 013 $a47880 020 $a2-204-05407-0 040 $aSeMil$bita 100 1 $aBasset, Jean-Claude <1950- >.$0(OLS)http://semarc/name/37775 245 13$aLe dialogue interreligieux :$bchance ou déchéance de la foi /$cJean-Claude Basset ; Préface par Claude Geffré. 260 $aParis :$bLes Éditions du Cerf,$ccopyr. 1996. 300 $a503 p. ;$c22 cm. 490 0 $aCogitatio Fidei [Cerf]v197 500 $aContiene : Bibliographie. - In copertina : Histoire et avenir. 650 4$aDialogo interreligioso.$0(OLS)http://semarc/subject/2257 700 1 $aGeffré, Claude,$c.$0(OLS)http://semarc/name/89103 830 0$aCogitatio Fidei ;$v197.$0(OLS)http://semarc/title/206 850 $aSeMil 852 $aSeMil$W1$xVenegono$y1$m2BA N 197$j42860$B42860$CSeMilBibl$Z2$F42759 $81 961 $aAcquisto: Cerf (Libreria) 996 $6020$a2-204-05407-0$9(OLS)http://semarc/number/57816 996 $6245$aLe dialogue interreligieux :$bchance ou déchéance de la foi$9(OLS)http://semarc/title/124396 996 $6260$aParis :$bLes Éditions du Cerf$9(OLS)http://semarc/publisher/29611 LEADER 01119nam a2200289 i 4500 001 000000110874 003 CaOOAMICUS 005 20231123101957.0 008 170321s1780 it u000 u ita u 013 $a83555 026 $aunhe ema- 3.1. (b(a (3) 1780 (R) 040 $aSeMil$bita 100 1 $aAnziani, Angelo.$0(OLS)http://semarc/name/92993 245 10$aCompendio istorico della provincia di Lunigiana. 260 $aParma :$bPer li Fratelli Borsi,$c1780. 300 $a223, [1] p. ;$c8°. 500 $aSegn.: A-O8 500 $aPer il nome dell'A, Angelo Anziani, vedi Melzi, v. 1, p. 233 500 $aMarca non censita (Post fata resurgo) sul front. 700 1 $aBorsi fratelli,$c.$0(OLS)http://semarc/name/12565 850 $aSeMil 852 $aSeMil$W1$xVenegono$y1$m3S II 51 FA$j66731$B66731$CSeMilBibl$Z2$F73471 $8I 941 1 $a10 961 $aRecupero: Mantegazza 996 $6245$aCompendio istorico della provincia di Lunigiana$9(OLS)http://semarc/title/407515 996 $6260$aParma :$bPer li Fratelli Borsi$9(OLS)http://semarc/publisher/42856